Gangte history: (Record no. 7598)

MARC details
000 -LEADER
fixed length control field 00429nam a22001697a 4500
003 - CONTROL NUMBER IDENTIFIER
control field GBCCL
005 - DATE AND TIME OF LATEST TRANSACTION
control field 20241126110632.0
008 - FIXED-LENGTH DATA ELEMENTS--GENERAL INFORMATION
fixed length control field 180829b ||||| |||| 00| 0 eng d
040 ## - CATALOGING SOURCE
Transcribing agency gbc
082 ## - DEWEY DECIMAL CLASSIFICATION NUMBER
Classification number VER 305.8954
Item number KHA
100 ## - MAIN ENTRY--PERSONAL NAME
Personal name Khaijalam, S.T.
9 (RLIN) 13417
245 ## - TITLE STATEMENT
Title Gangte history:
Remainder of title in Gangte
260 ## - PUBLICATION, DISTRIBUTION, ETC.
Date of publication, distribution, etc. 1988.
Place of publication, distribution, etc. Manipur:
Name of publisher, distributor, etc. Author,
300 ## - PHYSICAL DESCRIPTION
Extent v.2
650 ## - SUBJECT ADDED ENTRY--TOPICAL TERM
Topical term or geographic name entry element Gangte (Asian people)
Form subdivision history
9 (RLIN) 13418
942 ## - ADDED ENTRY ELEMENTS (KOHA)
Source of classification or shelving scheme Dewey Decimal Classification
Koha item type Books
Holdings
Withdrawn status Lost status Source of classification or shelving scheme Damaged status Not for loan Home library Current Library Shelving location Date acquired Total checkouts Full call number Barcode Date last seen Copy number Price effective from Koha item type
    Dewey Decimal Classification     GRACE BIBLE COLLEGE GRACE BIBLE COLLEGE Archives 2018-08-29   VER 305.8954 KHA 003152 2025-05-01 v.2 2018-08-29 Archives
© Grace Bible College Library 2025